Biggest Export and Import category - South American Countries - Statistics

General Stats
  • This quiz has been taken 25 times
    12 since last reset
  • The average score is 17 of 24
Answer Stats
Country $ (2022) Product Category (Export) % Correct
Brazil 57 billions Mineral Fuels, Oil
91%
Colombia 31 billions Mineral Fuels, Oil
91%
Ecuador 13 billions Mineral Fuels, Oil
91%
Guyana 4,3 billions Mineral Fuels, Oil
91%
Venezuela 1,2 billions Mineral Fuels, Oil
91%
Argentina 12 billions Mineral Fuels, Oil
91%
Bolivia 4,4 billions Mineral Fuels, Oil
91%
Brazil 50 billions Mineral Fuels, Oil
91%
Chile 28 billions Mineral Fuels, Oil
91%
Ecuador 8,0 billions Mineral Fuels, Oil
91%
Paraguay 2,6 billions Mineral Fuels, Oil
91%
Peru 11 billions Mineral Fuels, Oil
91%
Uruguay 2,2 billions Mineral Fuels, Oil
91%
Paraguay 1,8 billions Meat
73%
Uruguay 2,9 billions Meat
73%
Bolivia 3,2 billions Gold, Silver, Pearls and Precious Stones
55%
Suriname 2,1 billions Gold, Silver, Pearls and Precious Stones
55%
Chile 27 billions Ore, Slag and Ash
45%
Peru 19 billions Ore, Slag and Ash
45%
Colombia 7,8 billions Electrical Machinery
36%
Venezuela 1,2 billions Electrical Machinery
36%
Suriname 264 millions Nuclear Reactors, Boilers, Machinery
36%
Guyana 5,1 billions Ships and Boats
18%
Argentina 31 billions Commodities
9%
No matching quizzes found
Score Distribution
Percent of People with Each Score
Percentile by Number Answered
Your Score History
You have not taken this quiz since the last reset